Top 15 NBA Leaders in Assists - Statistics

General Stats
  • This quiz has been taken 16 times
  • The average score is 13 of 15
Answer Stats
# Team+Pos Answer % Correct
2. Pelicans/Hornets - PG Chris Paul
100%
12. Rockets - SG James Harden
100%
3. Nets - PG Jason Kidd
100%
1. Jazz - PG John Stockton
100%
4. Heat - SF LeBron James
100%
8. Lakers - PG Magic Johnson
100%
5. Thunder - PG Russell Westbrook
100%
6. Suns - PG Steve Nash
100%
11. Thunder/Supersonics - PG Gary Payton
94%
10. Pistons - PG Isiah Thomas
94%
9. Kings/Royals - PG Oscar Robertson
88%
15. Celtics - PG Rajon Rondo
75%
7. Knicks - PG Mark Jackson
50%
14. Wizards/Bullets - PG Rod Strickland
38%
13. Nuggets - PG Andre Miller
19%
No matching quizzes found
Score Distribution
Percent of People with Each Score
Percentile by Number Answered
Your Score History
You have not taken this quiz